Statistics for Phoenix Suns Top 10 Leaders

Click here to take the quiz!

General Stats

  • This quiz has been taken 570 times
    (192 since last reset)
  • The average score is 8 of 25

Answer Stats

Player% Correct
Devin Booker
95%
Steve Nash
95%
Charles Barkley
88%
Amar'e Stoudemire
80%
Deandre Ayton
61%
Shawn Marion
60%
Kevin Johnson
58%
Jason Kidd
48%
Walter Davis
42%
Dan Majerle
32%
Mark West
26%
Paul Westphal
24%
Alvan Adams
21%
Leandro Barbosa
19%
Larry Nance
18%
Jeff Hornacek
13%
Dick Van Arsdale
12%
Alex Len
10%
Oliver Miller
10%
Neal Walk
8%
Alvin Scott
7%
Gar Heard
7%
Paul Silas
7%
Andrew Lang
6%
Jay Humphries
4%

Score Distribution

Percentile by Number Answered

Percent of People with Each Score

Your Score History

You have not taken this quiz since the last reset